000
00240nam a22000977a 4500
082
_a
P-414
245
_a
Criteria for Accrediting Engineering Programmes
260
_a
Baltimore, MD 21202
_b
Abet
526
_a
0
_b
0
_c
0
_d
P_414
942
_2
ddc
_c
BK
999
_c
551146
_d
551146